000 00451nam a2200181Ia 4500
001 17000
005 20260306170352.0
008 260306t2013||||xx |||||||||||||| ||und||
041 _aESP
082 _a657.42
_bF41
100 _aFernández Iparraguirre, José Luis
_eAUT
245 0 _aEl modelo de costes en empresas comerciales y de sevicios
260 _c2013
300 _a
_c
650 _aGEN
654 _aCCO
942 _cLIB
_dJUS
_fJUS
_2ddc
_n
999 _c17000
_d17000